| 000 | 00611nam a2200181 a 4500 | ||
|---|---|---|---|
| 005 | 20260421130457.0 | ||
| 008 | 260416s2026##################000#0#eng## | ||
| 020 |
_a9788131602041 _qhbk |
||
| 041 | _aEng | ||
| 082 | 0 | 4 | _a361.7068 THO |
| 100 | _aThorat,Sukhadeo. | ||
| 245 | 1 | 0 |
_aSocial Justice Philanthropy: Approaches and Strategies of Funding Organizations. _c/by Sukhadeo Thorat, Gail Omvedt and Martin Macwan. |
| 250 | _a1st ed. | ||
| 260 |
_aNew Delhi: _bIndian Institute of Dalit Studies, _c2009. |
||
| 300 |
_axiii;303p. _c;20 cm. |
||
| 650 | _aSocial Problems, Social Science. | ||
| 942 | _cENGLISH | ||
| 999 |
_c619462 _d619462 |
||